[Event "Bad Wiessee Senioren Cup 8th"]
[Site "Bad Wiessee"]
[Date "2019.05.16"]
[Round "6"]
[White "Schumacher, Ursula"]
[Black "Braeu, Emmi"]
[Result "1-0"]
[WhiteElo "1518"]
[BlackElo "1504"]
[PlyCount "93"]
[EventDate "2019.05.11"]
[EventType "swiss"]
[EventRounds "9"]
[EventCountry "GER"]
[SourceTitle "EXT 2020"]
[Source "ChessBase"]
[SourceDate "2019.10.17"]
[SourceVersion "1"]
[SourceVersionDate "2019.10.17"]
[SourceQuality "1"]

1. c4 c5 2. Nf3 Nc6 3. g3 Nf6 4. Nc3 e5 5. Bg2 g6 6. d3 Bg7 7. 0-0 0-0 8. a3 d6 9. e3 h6 10. h3 Be6 11. Kh2 Rb8 12. Ng1 Nd7 13. Nce2 Qc7 14. Rb1 b5 15. cxb5 Rxb5 16. Nc3 Rb3 17. Bd5 Rbb8 18. Bxe6 fxe6 19. Qg4 Rf6 20. Ne4 Rf5 21. Qxg6 Rbf8 22. Qxe6+ Kh8 23. f3 Nd8 24. Qxd6 Qxd6 25. Nxd6 R5f6 26. Ne4 Rb6 27. b4 Ne6 28. Rf2 Rc8 29. Rc2 a5 30. Bd2 Bf8 31. f4 Rcb8 32. f5 Ng5 33. Nxg5 hxg5 34. e4 Be7 35. Nf3 axb4 36. axb4 cxb4 37. Nxg5 Nc5 38. Nf7+ Kg8 39. Nxe5 b3 40. Rxc5 Ra8 41. Rc6 Ra2 42. Rxb6 Rxd2+ 43. Kh1 Bc5 44. R6xb3 Be3 45. R3b2 Rxb2 46. Rxb2 Kg7 47. Nf3 1-0

[Event "Bad Wiessee Senioren Cup 8th"]
[Site "Bad Wiessee"]
[Date "2019.05.14"]
[Round "4"]
[White "Redeker, Frank"]
[Black "Braeu, Emmi"]
[Result "1-0"]
[WhiteElo "1636"]
[BlackElo "1504"]
[PlyCount "59"]
[EventDate "2019.05.11"]
[EventType "swiss"]
[EventRounds "9"]
[EventCountry "GER"]
[SourceTitle "EXT 2020"]
[Source "ChessBase"]
[SourceDate "2019.10.17"]
[SourceVersion "1"]
[SourceVersionDate "2019.10.17"]
[SourceQuality "1"]

1. d4 c5 2. c3 Nf6 3. Bf4 e6 4. e3 Qb6 5. Qb3 Nd5 6. Bg3 Nc6 7. Nd2 Na5 8. Qc2 cxd4 9. exd4 Nf6 10. Ngf3 Be7 11. Bd3 d5 12. Ne5 Nc6 13. Ndf3 Qd8 14. h3 Bd7 15. Qe2 Nh5 16. Bh2 0-0 17. Nxd7 Qxd7 18. Ne5 Nxe5 19. dxe5 g6 20. g4 Ng7 21. Bg3 a6 22. Qd2 Qd8 23. h4 h5 24. Qh6 d4 25. Ke2 dxc3 26. bxc3 Rc8 27. gxh5 Rxc3 28. Rad1 Qc7 29. hxg6 Qc6 30. Qh7# 1-0

[Event "Bad Wiessee Senioren Cup 8th"]
[Site "Bad Wiessee"]
[Date "2019.05.11"]
[Round "1"]
[White "Braeu, Emmi"]
[Black "Klein, Reinhard"]
[Result "0-1"]
[WhiteElo "1504"]
[BlackElo "1863"]
[PlyCount "92"]
[EventDate "2019.05.11"]
[EventType "swiss"]
[EventRounds "9"]
[EventCountry "GER"]
[SourceTitle "EXT 2020"]
[Source "ChessBase"]
[SourceDate "2019.10.17"]
[SourceVersion "1"]
[SourceVersionDate "2019.10.17"]
[SourceQuality "1"]

1. Nf3 d5 2. c4 d4 3. d3 Nc6 4. g3 e5 5. Bg2 Nf6 6. 0-0 Bd6 7. Re1 0-0 8. e3 Bg4 9. h3 Bd7 10. exd4 exd4 11. Bg5 h6 12. Bxf6 Qxf6 13. Nbd2 Qg6 14. Ne4 Bb4 15. Re2 Rfe8 16. a3 Bf8 17. Qd2 f5 18. Nc5 Bxc5 19. Rae1 Rxe2 20. Rxe2 Re8 21. b4 Rxe2 22. Qxe2 Bf8 23. Nh4 Qe8 24. Bd5+ Kh7 25. Qxe8 Bxe8 26. Nxf5 Ne5 27. Nxd4 Nxd3 28. Bxb7 Ne5 29. f4 Nxc4 30. Be4+ g6 31. f5 Nxa3 32. fxg6+ Bxg6 33. Bxg6+ Kxg6 34. Nc6 Nb5 35. Kf2 Kf5 36. Ke3 Bd6 37. g4+ Ke6 38. Ke4 Bg3 39. Kd3 Kd6 40. Na5 Kd5 41. Nb3 Be1 42. Nd2 Nd6 43. Nf3 Bxb4 44. h4 Nf7 45. Nd4 Ne5+ 46. Ke3 Nxg4+ 0-1

[Event "Arber Seniors op 6th"]
[Site "Bayerisch Eisenstein"]
[Date "2018.08.05"]
[Round "9"]
[White "Braeu, Emmi"]
[Black "Kirchhof, Manfred"]
[Result "1/2-1/2"]
[WhiteElo "1478"]
[BlackElo "1501"]
[PlyCount "72"]
[EventDate "2018.07.28"]
[EventType "swiss"]
[EventRounds "9"]
[EventCountry "GER"]
[SourceTitle "EXT 2019"]
[Source "ChessBase"]
[SourceDate "2018.10.10"]
[SourceVersion "1"]
[SourceVersionDate "2018.10.10"]
[SourceQuality "1"]

1. Nf3 Nf6 2. c4 c5 3. g3 b6 4. Bg2 Bb7 5. 0-0 e6 6. Nc3 Be7 7. e3 0-0 8. d4 cxd4 9. exd4 d6 10. Re1 Nbd7 11. b3 a6 12. h3 Re8 13. Bb2 Qc7 14. Rc1 Rac8 15. Qd2 h6 16. d5 e5 17. Nh4 Nh5 18. Qd3 Bxh4 19. gxh4 Nf4 20. Qg3 Nxg2 21. Qxg2 Qd8 22. Qg3 Nf6 23. Ne4 Nxe4 24. Rxe4 f5 25. Re2 Rc7 26. Rce1 f4 27. Qxf4 Rf8 28. Qg3 Re7 29. Bc1 Bc8 30. Bxh6 Qd7 31. Bg5 Ref7 32. f4 exf4 33. Qg4 Qxg4+ 34. hxg4 Bxg4 35. Re8 f3 36. Kf2 Bd7 1/2-1/2

[Event "Arber Seniors op 6th"]
[Site "Bayerisch Eisenstein"]
[Date "2018.08.03"]
[Round "7"]
[White "Wacker, Manfred"]
[Black "Braeu, Emmi"]
[Result "1-0"]
[WhiteElo "1708"]
[BlackElo "1478"]
[PlyCount "87"]
[EventDate "2018.07.28"]
[EventType "swiss"]
[EventRounds "9"]
[EventCountry "GER"]
[SourceTitle "CBM 185 Extra"]
[Source "ChessBase"]
[SourceDate "2018.07.29"]
[SourceVersion "1"]
[SourceVersionDate "2018.07.29"]
[SourceQuality "1"]

1. d4 c5 2. d5 Nf6 3. c4 d6 4. Nc3 g6 5. e4 Bg7 6. Bd3 Nbd7 7. Nge2 Ne5 8. 0-0 0-0 9. b3 a6 10. a4 Nxd3 11. Qxd3 Bd7 12. Bb2 Ne8 13. Qc2 f5 14. f4 fxe4 15. Nxe4 Bf5 16. Bxg7 Nxg7 17. N2g3 Qd7 18. Qb2 Bxe4 19. Nxe4 Nf5 20. Ng5 Nd4 21. Rae1 Rf6 22. Re3 Raf8 23. Rh3 h5 24. Rh4 Qf5 25. Re1 Qd3 26. Rh3 Qf5 27. Rxe7 Qxf4 28. Nf3 Nxf3+ 29. Rxf3 Qg5 30. Rxf6 Qxf6 31. Qxf6 Rxf6 32. Rxb7 Rf4 33. Rb6 Re4 34. Rxd6 Re3 35. Rxg6+ Kh7 36. Rg3 Re7 37. Rd3 Kg6 38. Kf2 Kf5 39. d6 Rd7 40. Ke3 Ke5 41. Rd5+ Ke6 42. Rxh5 Kxd6 43. Rd5+ Kc6 44. Rxd7 1-0

[Event "Bad Woerishofen Seniors op 32nd"]
[Site "Bad Woerishofen"]
[Date "2016.03.04"]
[Round "8"]
[White "Braeu, Emmi"]
[Black "Hartlaub, Marianne"]
[Result "0-1"]
[WhiteElo "1624"]
[BlackElo "1541"]
[PlyCount "86"]
[EventDate "2016.02.26"]
[EventType "swiss"]
[EventRounds "9"]
[EventCountry "GER"]
[SourceTitle "EXT 2019"]
[Source "ChessBase"]
[SourceDate "2018.10.10"]
[SourceVersion "1"]
[SourceVersionDate "2018.10.10"]
[SourceQuality "1"]

1. Nf3 Nf6 2. d4 d6 3. c4 c6 4. g3 Bg4 5. Bg2 e5 6. Nc3 Qa5 7. 0-0 Bxf3 8. exf3 Be7 9. Re1 0-0 10. f4 Re8 11. Re2 Bf8 12. Be3 Qb4 13. Qa4 a5 14. Qxb4 axb4 15. Ne4 exd4 16. Bxd4 Nxe4 17. Rxe4 Rxe4 18. Bxe4 Nd7 19. Bf5 Rd8 20. Re1 c5 21. Be3 b6 22. b3 Nf6 23. Bc1 g6 24. Bc2 Bg7 25. Bb2 Kf8 26. Kf1 d5 27. cxd5 Rxd5 28. Bxf6 Bxf6 29. Rd1 Bd4 30. Ke2 Rd8 31. Kf3 f6 32. Re1 Kf7 33. g4 Ra8 34. Bb1 Rd8 35. h4 Bc3 36. Re2 Rd1 37. Bc2 Rc1 38. Bd3 Rh1 39. Bc4+ Kf8 40. Kg3 Rd1 41. Re6 Rd2 42. Rxf6+ Bxf6 43. g5 Bd4 0-1

[Event "GER-chB Seniors 27th"]
[Site "Magdeburg"]
[Date "2015.08.23"]
[Round "9"]
[White "Braeu, Emmi"]
[Black "Gismann, Juergen"]
[Result "1-0"]
[WhiteElo "1596"]
[BlackElo "1751"]
[PlyCount "125"]
[EventDate "2015.08.15"]
[EventType "swiss"]
[EventRounds "9"]
[EventCountry "GER"]
[SourceTitle "EXT 2018"]
[Source "ChessBase"]
[SourceDate "2017.10.13"]
[SourceVersion "1"]
[SourceVersionDate "2017.10.13"]
[SourceQuality "1"]

1. Nf3 Nf6 2. c4 g6 3. g3 Bg7 4. Bg2 0-0 5. d4 d6 6. 0-0 Qe8 7. Nc3 e5 8. dxe5 dxe5 9. Nb5 Na6 10. Nc3 Kh8 11. Qd2 Bd7 12. Ng5 c6 13. h3 Qe7 14. Rd1 Rfd8 15. Qd6 Qe8 16. Be3 Bf5 17. Qxd8 Rxd8 18. Rxd8 Kg8 19. Rxe8+ Nxe8 20. Bxa7 h6 21. Nge4 Bxe4 22. Bxe4 f5 23. Bg2 e4 24. Rd1 Nec7 25. Bb6 Ne6 26. Rd7 Nac5 27. Bxc5 Nxc5 28. Rd8+ Kf7 29. Kf1 Ke7 30. Rd2 Bxc3 31. bxc3 Na4 32. Rc2 Nb6 33. c5 Na4 34. e3 Nxc5 35. f3 exf3 36. Bxf3 Ke6 37. Ke2 Ke5 38. Rb2 Ke6 39. Kd2 Ke5 40. Rb4 Ke6 41. e4 fxe4 42. Bxe4 g5 43. Ke3 Ke5 44. Bf3 Kd6 45. h4 Ke5 46. hxg5 hxg5 47. Rg4 Ne6 48. Re4+ Kd6 49. Rg4 Ke5 50. Re4+ Kd6 51. Bg4 Nc7 52. c4 c5 53. Bf5 b5 54. cxb5 Nxb5 55. Kd3 Nd4 56. Bg4 Kd5 57. Re8 c4+ 58. Kc3 Nb5+ 59. Kb4 Nd6 60. Rg8 Ne4 61. Rd8+ Nd6 62. Rxd6+ Kxd6 63. Kxc4 1-0

[Event "GER-chB Seniors 27th"]
[Site "Magdeburg"]
[Date "2015.08.22"]
[Round "8"]
[White "Klose, Hans Peter"]
[Black "Braeu, Emmi"]
[Result "0-1"]
[WhiteElo "1633"]
[BlackElo "1596"]
[PlyCount "92"]
[EventDate "2015.08.15"]
[EventType "swiss"]
[EventRounds "9"]
[EventCountry "GER"]
[SourceTitle "EXT 2018"]
[Source "ChessBase"]
[SourceDate "2017.10.13"]
[SourceVersion "1"]
[SourceVersionDate "2017.10.13"]
[SourceQuality "1"]

1. c4 c5 2. g3 Nc6 3. Bg2 g6 4. Nc3 Bg7 5. e3 e6 6. Nge2 Nge7 7. 0-0 0-0 8. a3 d5 9. cxd5 exd5 10. d4 c4 11. b4 a6 12. Nf4 Be6 13. Nxe6 fxe6 14. Ra2 b5 15. Rc2 Qb8 16. Bh3 Nd8 17. f4 Qb6 18. Ne2 a5 19. Bd2 Nec6 20. bxa5 Nxa5 21. Bb4 Rf7 22. Bc5 Qa6 23. Nc1 Nab7 24. Bb4 Nd6 25. Na2 Ne4 26. Nc3 Nxc3 27. Rxc3 Bf8 28. Qb1 Qa4 29. Rf2 Bxb4 30. Qxb4 Qxb4 31. axb4 Rfa7 32. Rc1 Kf7 33. Rff1 Nc6 34. Rb1 Ra4 35. g4 Rxb4 36. f5 Rxb1 37. fxe6+ Ke7 38. Rxb1 b4 39. Bg2 Kxe6 40. e4 Nxd4 41. exd5+ Kd6 42. Rxb4 Kc5 43. Rb1 Ra2 44. Rd1 c3 45. Kf1 c2 46. Rc1 Nb3 0-1

[Event "GER-chB Seniors 27th"]
[Site "Magdeburg"]
[Date "2015.08.19"]
[Round "5"]
[White "Krueger, Bernhard"]
[Black "Braeu, Emmi"]
[Result "1-0"]
[WhiteElo "1732"]
[BlackElo "1596"]
[PlyCount "51"]
[EventDate "2015.08.15"]
[EventType "swiss"]
[EventRounds "9"]
[EventCountry "GER"]
[SourceTitle "EXT 2018"]
[Source "ChessBase"]
[SourceDate "2017.10.13"]
[SourceVersion "1"]
[SourceVersionDate "2017.10.13"]
[SourceQuality "1"]

1. d4 c5 2. dxc5 e6 3. e3 Bxc5 4. Nf3 d5 5. Be2 Nf6 6. 0-0 0-0 7. Nbd2 Nc6 8. Nb3 Bb6 9. c4 dxc4 10. Bxc4 Qe7 11. Qe2 Bd7 12. Nfd4 Rac8 13. Rd1 Ne5 14. Bb5 Rfd8 15. Bd2 Bxb5 16. Qxb5 Rd5 17. Qe2 Ne4 18. Be1 Nd6 19. e4 Rdc5 20. Nxc5 Bxc5 21. Rac1 Qe8 22. Nb3 Qe7 23. Nxc5 Rxc5 24. Rxc5 b6 25. Rcc1 a5 26. Rxd6 1-0

[Event "GER-chB Seniors 27th"]
[Site "Magdeburg"]
[Date "2015.08.18"]
[Round "4"]
[White "Braeu, Emmi"]
[Black "Krug, Franz Dieter"]
[Result "1/2-1/2"]
[WhiteElo "1596"]
[BlackElo "1641"]
[PlyCount "110"]
[EventDate "2015.08.15"]
[EventType "swiss"]
[EventRounds "9"]
[EventCountry "GER"]
[SourceTitle "EXT 2018"]
[Source "ChessBase"]
[SourceDate "2017.10.13"]
[SourceVersion "1"]
[SourceVersionDate "2017.10.13"]
[SourceQuality "1"]

1. Nf3 e6 2. c4 Nf6 3. g3 d5 4. Bg2 d4 5. d3 c5 6. Ne5 Bd6 7. Qa4+ Nbd7 8. Bf4 Bxe5 9. Bxe5 0-0 10. Bf4 e5 11. Bd2 Re8 12. 0-0 Nb6 13. Qb5 Qc7 14. Bg5 Bd7 15. Qa5 Re6 16. Bh3 Rd6 17. Bxd7 Nfxd7 18. Na3 a6 19. f4 Rg6 20. Qd2 f6 21. Bh4 Re8 22. e3 Nf8 23. Rae1 Qd7 24. f5 dxe3 25. Qxe3 Rg4 26. Nc2 Rd8 27. Rd1 Qf7 28. Qf3 Qh5 29. Kh1 Rxh4 30. gxh4 Qxh4 31. Qxb7 Nbd7 32. Ne3 Rb8 33. Qd5+ Kh8 34. b3 a5 35. Ng2 Qh5 36. Qc6 Qe2 37. Qa4 Ra8 38. a3 h6 39. Nh4 e4 40. Qc6 Re8 41. Ng6+ Kg8 42. Qd5+ Kh7 43. Nxf8+ Nxf8 44. Qf7 Rd8 45. Qe7 Rxd3 46. Rde1 Qg4 47. Rxe4 Qh5 48. Qxc5 Rd2 49. Qg1 Qh3 50. Rg4 Rxh2+ 51. Qxh2 Qxf1+ 52. Rg1 Qf3+ 53. Rg2 Qd1+ 54. Qg1 Qh5+ 55. Rh2 Qf3+ 1/2-1/2

[Event "GER-chB Seniors 27th"]
[Site "Magdeburg"]
[Date "2015.08.17"]
[Round "3"]
[White "Schwichtenberg, Juergen"]
[Black "Braeu, Emmi"]
[Result "1/2-1/2"]
[WhiteElo "1780"]
[BlackElo "1596"]
[PlyCount "54"]
[EventDate "2015.08.15"]
[EventType "swiss"]
[EventRounds "9"]
[EventCountry "GER"]
[SourceTitle "EXT 2018"]
[Source "ChessBase"]
[SourceDate "2017.10.13"]
[SourceVersion "1"]
[SourceVersionDate "2017.10.13"]
[SourceQuality "1"]

1. b4 e5 2. Bb2 Bxb4 3. Bxe5 Nf6 4. c4 Nc6 5. Bb2 0-0 6. e3 d5 7. cxd5 Nxd5 8. Nf3 Bg4 9. Be2 Qe7 10. 0-0 Rad8 11. a3 Ba5 12. Nd4 Bxe2 13. Nxe2 Rd7 14. d4 Re8 15. Qd3 Qe6 16. Nbc3 Nb6 17. Rfb1 Qc4 18. Qf5 Qe6 19. Qc2 Qc4 20. Qd1 Ne5 21. Na2 Nd3 22. Bc3 Bxc3 23. Naxc3 Ne5 24. a4 a5 25. Qb3 Qxb3 26. Rxb3 Nec4 27. g3 g5 1/2-1/2

[Event "Bayern-ch Seniors op 27th"]
[Site "Bergen"]
[Date "2015.06.15"]
[Round "6"]
[White "Braeu, Emmi"]
[Black "Schwarzmeier, Christine"]
[Result "1-0"]
[WhiteElo "1321"]
[BlackElo "868"]
[PlyCount "55"]
[EventDate "2015.06.15"]
[EventType "swiss"]
[EventRounds "9"]
[EventCountry "GER"]
[SourceTitle "EXT 2019"]
[Source "ChessBase"]
[SourceDate "2018.10.10"]
[SourceVersion "1"]
[SourceVersionDate "2018.10.10"]
[SourceQuality "1"]

1. Nf3 d5 2. g3 g6 3. Bg2 Bg7 4. c4 e6 5. d4 Ne7 6. Nc3 0-0 7. c5 b6 8. cxb6 axb6 9. 0-0 c6 10. Be3 Nd7 11. Rc1 Ba6 12. Re1 f6 13. Bh3 f5 14. Bg5 Nf6 15. Qd2 Ne4 16. Qe3 Qd6 17. Bf4 Qd7 18. Be5 Nxc3 19. Rxc3 Rac8 20. Bxg7 Kxg7 21. Ne5 Qd6 22. Rec1 Bb7 23. f4 h5 24. Nf3 Ng8 25. Ng5 Rfe8 26. Ra3 Kf6 27. Ra7 Ba8 28. Nh7# 1-0

[Event "Bayern-ch Seniors op 27th"]
[Site "Bergen"]
[Date "2015.06.15"]
[Round "3"]
[White "Garms, Ilse"]
[Black "Braeu, Emmi"]
[Result "1-0"]
[WhiteElo "1553"]
[BlackElo "1321"]
[PlyCount "99"]
[EventDate "2015.06.15"]
[EventType "swiss"]
[EventRounds "9"]
[EventCountry "GER"]
[SourceTitle "EXT 2019"]
[Source "ChessBase"]
[SourceDate "2018.10.10"]
[SourceVersion "1"]
[SourceVersionDate "2018.10.10"]
[SourceQuality "1"]

1. d4 c5 2. e3 Nf6 3. Nf3 g6 4. c3 Qb6 5. Nbd2 d5 6. dxc5 Qxc5 7. Nb3 Qc7 8. Be2 Bg7 9. 0-0 0-0 10. h3 h6 11. Nfd4 a6 12. Bf3 e5 13. Nc2 Rd8 14. Bd2 Be6 15. Be2 Nc6 16. Rc1 Qb6 17. Qe1 Ne4 18. Rb1 Nxd2 19. Nxd2 Qc7 20. a3 Bf5 21. Rc1 Qd6 22. c4 d4 23. exd4 exd4 24. Bf3 d3 25. Ne3 Nd4 26. Qd1 Nxf3+ 27. gxf3 Bxh3 28. c5 Qf4 29. Re1 Be5 30. Ng4 Bxg4 31. Rxe5 Bxf3 32. Nxf3 Qg4+ 33. Kh1 Qf4 34. Rc3 d2 35. Rce3 Qc4 36. Nxd2 Qh4+ 37. Kg2 Rd4 38. Qe2 Rg4+ 39. Rg3 Rxg3+ 40. fxg3 Qd4 41. Nf3 Qa4 42. Re7 Rc8 43. Re4 Qc6 44. b4 Qd5 45. Re8+ Rxe8 46. Qxe8+ Kg7 47. Qe5+ Qxe5 48. Nxe5 f6 49. c6 bxc6 50. Nxc6 1-0

[Event "Bad Woerishofen Seniors op 30th"]
[Site "Bad Woerishofen"]
[Date "2014.03.29"]
[Round "9"]
[White "Schulz, Franz"]
[Black "Braeu, Emmi"]
[Result "1-0"]
[WhiteElo "1670"]
[BlackElo "1645"]
[PlyCount "63"]
[EventDate "2014.03.21"]
[EventType "swiss"]
[EventRounds "9"]
[EventCountry "GER"]
[SourceTitle "EXT 2019"]
[Source "ChessBase"]
[SourceDate "2018.10.10"]
[SourceVersion "1"]
[SourceVersionDate "2018.10.10"]
[SourceQuality "1"]

1. b4 e6 2. a3 Nf6 3. Bb2 d5 4. e3 Bd7 5. Nf3 c5 6. bxc5 Bxc5 7. d4 Bd6 8. c4 dxc4 9. Bxc4 0-0 10. 0-0 Nc6 11. Nbd2 a6 12. Bb3 b5 13. Rc1 Rc8 14. Rc2 Rc7 15. Qa1 Be7 16. Rfc1 Qb8 17. h3 Rfc8 18. a4 Na7 19. Rxc7 Rxc7 20. Rxc7 Qxc7 21. Ne5 Bb4 22. Nxd7 Nxd7 23. Nf3 Nf6 24. axb5 axb5 25. d5 Be7 26. dxe6 fxe6 27. Bxe6+ Kh8 28. Ng5 h6 29. Nf7+ Kh7 30. Qb1+ g6 31. Ne5 Bd6 32. Qxg6+ 1-0

[Event "Bayern-ch Seniors 25th"]
[Site "Bergen"]
[Date "2013.06.18"]
[Round "5.39"]
[White "Friedrich, Horst"]
[Black "Braeu, Emmi"]
[Result "1-0"]
[WhiteElo "1569"]
[BlackElo "1456"]
[PlyCount "27"]
[EventDate "2013.06.15"]
[EventType "swiss"]
[EventRounds "9"]
[EventCountry "GER"]
[SourceTitle "EXT 2022"]
[Source "ChessBase"]
[SourceDate "2021.10.06"]
[SourceVersion "1"]
[SourceVersionDate "2021.10.06"]
[SourceQuality "1"]

1. d4 c5 2. d5 d6 3. e4 Nf6 4. Nc3 g6 5. Nf3 Bg7 6. h3 0-0 7. Be2 e6 8. Bg5 Re8 9. 0-0 h6 10. Bh4 Nbd7 11. dxe6 Rxe6 12. Bc4 Re7 13. Qxd6 Nb6 14. Qxd8+ 1-0

[Event "Bad Woerishofen Seniors op 28th"]
[Site "Bad Woerishofen"]
[Date "2012.03.10"]
[Round "9.56"]
[White "Gestrich, Wolfgang"]
[Black "Braeu, Emmi"]
[Result "0-1"]
[WhiteElo "1303"]
[BlackElo "1451"]
[PlyCount "76"]
[EventDate "2012.03.02"]
[EventType "swiss"]
[EventRounds "9"]
[EventCountry "GER"]
[SourceTitle "EXT 2022"]
[Source "ChessBase"]
[SourceDate "2021.10.06"]
[SourceVersion "1"]
[SourceVersionDate "2021.10.06"]
[SourceQuality "1"]

1. c4 Nf6 2. Nc3 g6 3. g3 Bg7 4. Bg2 0-0 5. e4 d6 6. Nge2 Be6 7. d3 c6 8. 0-0 Na6 9. f4 Qd7 10. Nd4 Bh3 11. Qf3 Nh5 12. f5 Bxg2 13. Kxg2 Bxd4 14. Bh6 Bg7 15. Bxg7 Nxg7 16. g4 Nc7 17. Rf2 Nge8 18. fxg6 hxg6 19. Qh3 Ng7 20. Raf1 a6 21. Ne2 b5 22. b3 c5 23. Nf4 a5 24. Qh4 e5 25. Nh3 Nce6 26. Rf3 a4 27. Ng1 Nf4+ 28. Kh1 axb3 29. Nh3 Nge6 30. axb3 Ra3 31. Ng5 Nxg5 32. Qxg5 Rxb3 33. cxb5 Qxb5 34. Rd1 Rb1 35. Rff1 Rxd1 36. Rxd1 Qb3 37. Re1 Qxd3 38. Qh4 Qf3+ 0-1

[Event "Bayern-ch Seniors 23rd"]
[Site "Bergen"]
[Date "2011.06.04"]
[Round "8"]
[White "Braeu, Emmi"]
[Black "Roggenstein, Bruno"]
[Result "0-1"]
[WhiteElo "1395"]
[BlackElo "1664"]
[PlyCount "116"]
[EventDate "2011.05.28"]
[EventType "swiss"]
[EventRounds "9"]
[EventCountry "GER"]
[SourceTitle "EXT 2012"]
[Source "ChessBase"]
[SourceDate "2011.11.24"]
[SourceVersion "1"]
[SourceVersionDate "2011.11.24"]
[SourceQuality "1"]

1. Nf3 e6 2. c4 Nf6 3. g3 d5 4. Bg2 c6 5. Qc2 Nbd7 6. b3 Be7 7. Bb2 0-0 8. 0-0 Ne8 9. Nc3 Bf6 10. d4 b6 11. e4 dxe4 12. Nxe4 Be7 13. Rad1 Bb7 14. c5 Qc7 15. Rfe1 Nef6 16. Nfg5 h6 17. Nxf6+ Nxf6 18. Ne4 Nd5 19. Nc3 Rac8 20. Nxd5 cxd5 21. b4 Qd7 22. Qb3 Bc6 23. Rc1 Bb5 24. Qf3 Bc4 25. a3 Bf6 26. Bf1 Bxf1 27. Rxf1 Qb5 28. Rfe1 bxc5 29. Red1 cxb4 30. axb4 Rc4 31. Qd3 Rfc8 32. Rxc4 Rxc4 33. Bc3 Qb6 34. Kg2 Qc6 35. Bb2 Rxb4 36. Rc1 Rc4 37. Rxc4 dxc4+ 38. Qf3 Qd5 39. Qxd5 exd5 40. f4 Kf8 41. Kf3 Ke7 42. f5 Kd7 43. Ke3 Bg5+ 44. Kf3 Ke7 45. h4 Bd2 46. Ke2 Bb4 47. Bc1 a5 48. Kd1 h5 49. Kc2 Kf6 50. Kb1 Kxf5 51. Bf4 Ke4 52. Kb2 Kd3 53. Kb1 Bc3 54. Bc7 a4 55. Ka2 Bxd4 56. Ka3 c3 57. Kxa4 c2 58. Bf4 Be3 0-1

[Event "Bayern-ch Seniors 23rd"]
[Site "Bergen"]
[Date "2011.05.29"]
[Round "2"]
[White "Braeu, Emmi"]
[Black "Maertin, Eberhard"]
[Result "0-1"]
[WhiteElo "1395"]
[BlackElo "1632"]
[PlyCount "82"]
[EventDate "2011.05.28"]
[EventType "swiss"]
[EventRounds "9"]
[EventCountry "GER"]
[SourceTitle "EXT 2012"]
[Source "ChessBase"]
[SourceDate "2011.11.24"]
[SourceVersion "1"]
[SourceVersionDate "2011.11.24"]
[SourceQuality "1"]

1. Nf3 c5 2. g3 d5 3. c4 e6 4. Bg2 Nc6 5. 0-0 Nf6 6. b3 Be7 7. d4 dxc4 8. dxc5 Qxd1 9. Rxd1 cxb3 10. axb3 Bxc5 11. Na3 0-0 12. Nb5 Bb6 13. Bf4 Nd5 14. Bd6 Re8 15. Rac1 a6 16. Nbd4 Bd7 17. Nxc6 Bxc6 18. Ne5 Rac8 19. Nc4 Ba7 20. e4 Nb6 21. Bc5 Nxc4 22. Bxa7 Ne5 23. f4 Ng6 24. Bb6 Nf8 25. Kf2 e5 26. Bh3 Ne6 27. Ke3 exf4+ 28. gxf4 Ra8 29. b4 Bxe4 30. Bxe6 Rxe6 31. Kf2 Rxb6 32. Rc7 Rxb4 33. Rdd7 Rf8 34. Kg3 g6 35. Re7 Bc6 36. Kg4 Kg7 37. h4 h5+ 38. Kg5 Rb5+ 39. Re5 Re8 40. Rxb5 axb5 41. f5 Re5 0-1

[Event "Bayern-ch Seniors 23rd"]
[Site "Bergen"]
[Date "2011.05.28"]
[Round "1"]
[White "Eichinger, Guenther"]
[Black "Braeu, Emmi"]
[Result "1-0"]
[WhiteElo "1818"]
[BlackElo "1395"]
[PlyCount "97"]
[EventDate "2011.05.28"]
[EventType "swiss"]
[EventRounds "9"]
[EventCountry "GER"]
[SourceTitle "EXT 2012"]
[Source "ChessBase"]
[SourceDate "2011.11.24"]
[SourceVersion "1"]
[SourceVersionDate "2011.11.24"]
[SourceQuality "1"]

1. e4 c5 2. Nf3 Nc6 3. d4 cxd4 4. Nxd4 g6 5. Nxc6 bxc6 6. Qd4 Nf6 7. e5 Nd5 8. e6 f6 9. c4 Nb4 10. Qc3 c5 11. a3 Nc6 12. exd7+ Qxd7 13. Be3 Nd4 14. Nd2 e5 15. Bd3 Rb8 16. 0-0 Bg7 17. b4 cxb4 18. axb4 0-0 19. Ne4 Ne6 20. Rxa7 Rb7 21. Rfa1 f5 22. Rxb7 Qxb7 23. Ra7 Qb8 24. Nc5 f4 25. Nxe6 Bxe6 26. Bc5 Rf7 27. Rxf7 Kxf7 28. Be4 Qd8 29. h3 Qd7 30. b5 Qc7 31. Qb4 Qd7 32. Bd6 Qa7 33. b6 Qa1+ 34. Qb1 Qxb1+ 35. Bxb1 Bc8 36. Be4 Ke6 37. c5 g5 38. b7 Bxb7 39. Bxb7 Kd7 40. f3 h5 41. Kf2 Bf6 42. Be4 Bd8 43. Ke2 Bf6 44. Kd3 Ke6 45. Kc4 Bd8 46. Kb5 Be7 47. Bxe7 Kxe7 48. Kb6 Kd7 49. Kb7 1-0

[Event "Bayern-ch (Women) 80th"]
[Site "Immenstadt"]
[Date "2009.08.26"]
[Round "5"]
[White "Roos, Karin"]
[Black "Braeu, Emmi"]
[Result "1/2-1/2"]
[WhiteElo "1718"]
[BlackElo "1412"]
[PlyCount "156"]
[EventDate "2009.08.22"]
[EventType "swiss"]
[EventRounds "9"]
[EventCountry "GER"]
[SourceTitle "EXT 2015"]
[Source "ChessBase"]
[SourceDate "2014.11.20"]
[SourceVersion "1"]
[SourceVersionDate "2014.11.20"]
[SourceQuality "1"]

1. e4 c5 2. Nf3 Nc6 3. c3 g6 4. d4 cxd4 5. cxd4 Bg7 6. Nc3 d6 7. Bc4 Nf6 8. 0-0 0-0 9. Re1 Bd7 10. Bf4 Rc8 11. Bb3 Nh5 12. Bg5 h6 13. Be3 Na5 14. Ba4 Nc4 15. Bc1 a6 16. Bxd7 Qxd7 17. b3 Nb6 18. Bb2 Rc7 19. Qd2 e5 20. dxe5 dxe5 21. Qe2 Qe6 22. Rad1 Rd7 23. Rxd7 Nxd7 24. Rd1 Rc8 25. Ba3 g5 26. Rd6 Qe8 27. Rd3 Nf4 28. Nd5 Nxd5 29. Rxd5 Rc2 30. Rd2 Qc8 31. Qd3 Rxd2 32. Nxd2 Nc5 33. Qd5 Ne6 34. g3 g4 35. Nc4 Nd4 36. Bd6 Nf3+ 37. Kg2 b5 38. Nd2 Nxd2 39. Qxd2 Qe6 40. f4 gxf3+ 41. Kxf3 Qf6+ 42. Ke2 Qg6 43. Kf3 h5 44. Qd5 Qg4+ 45. Kf2 h4 46. Bxe5 Bxe5 47. Qxe5 h3 48. Qf4 Qg6 49. g4 Qb6+ 50. Kg3 Qa5 51. Qf2 Qc3+ 52. Qf3 Qb2 53. Kxh3 Qxa2 54. Qd3 Qb2 55. Qd8+ Kg7 56. Qg5+ Kf8 57. Qc5+ Kg7 58. b4 Kg8 59. Qd6 Qh8+ 60. Kg3 Qc3+ 61. Kf4 Qc1+ 62. Kf5 Qf1+ 63. Qf4 Qc4 64. Qg5+ Kf8 65. Qd8+ Kg7 66. Qf6+ Kf8 67. Qd6+ Kg7 68. Qe5+ Kf8 69. Qd6+ Kg7 70. g5 Qc8+ 71. Ke5 Qe8+ 72. Kd4 Qc8 73. Qf6+ Kg8 74. h4 Qc4+ 75. Ke5 Qc3+ 76. Kd5 Qxb4 77. h5 Qc4+ 78. Kd6 Qxe4 1/2-1/2